00656nam a2200229Ia 450000500170000000800410001702000180005804100120007608200180008810000160010624500800012226000350020230000210023765000230025865000150028165000220029665000260031870000190034470000250036370000190038870000190040720260429111953.0260429s9999||||xx |||||||||||||| ||und|| a9783111303161 aEnglish a363.7288bSUY aSuyal, Neha 0aBiomedical waste management : bbioremediation and recycling / cNeha Suyal aGermany : bDe Gruyter,c2024. axiii, 285 p.; hb a Biomedical wastes a Recycling a Waste management aEnvironmental science a Bora, Roop S. a Debbarma, Prasenjit a Mishra, Anita a Singh, Manali